000 01035nam a2200289Ia 4500
999 _c4112
_d4112
003 OSt
005 20200312143858.0
008 191128s1993 ck a br 000 j spa d
020 _a9681640330
040 _aCO-JMCR
_cCO-JMCR
041 1 _aspa
_heng
082 0 4 _aC /
_2STOo
100 1 _aStone, Bernard,
_eautor
_91476
245 1 0 _aOperación ratón /
_cBernard Stone ; ilustraciones de Ralph Steadman ; traducción de Catalina Domínguez
250 _aPrimera edición
260 _aMéxico :
_bFondo de Cultura Económica,
_c1993
300 _a[28] páginas sin numerar :
_bprincipalmente ilustraciones a color ;
_c24 cm.
490 0 _aLos especiales de A la orilla del viento
534 _pEmergency Mouse
546 _aTraducido del inglés
650 1 4 _aCuentos infantiles ingleses
_9181
650 1 4 _aRatones
_xcuentos infantiles
_91477
650 1 4 _aHospitales
_xcuentos infantiles
_91478
700 1 _aSteadman, Ralph,
_eilustrador
_91479
700 1 _aDomínguez, Catalina,
_etraductor
_91480
942 _2ddc
_cBK